000 00589nam a2200193Ia 4500
005 20250508152729.0
008 008 250505s9999 xx 000 0 eng d
037 _aTextual
040 _aFEDL
_beng
_cFEDL
041 _aeng
_2eng
084 _a155.284 2, BOH
_qFEDL
100 _aBohm Ewald
_9762238
245 0 _aText book in rorschach test diagnosis: For psychologists, physicians and teachers
260 _aNew York, USA
_bGrune and Stratton
_c1958
300 _axi,322p
650 _aPersonality
942 _cTEXL
_h155.284 2, BOH
999 _c1338373
_d1338373